Names of the Wacky Races Cars? Quiz Stats

 Plays Quiz not verified by Sporcle

Challenge
Share
Tweet
Embed
Score 0/11 Timer 08:00
0 Plays Today
% Correct
The Mean Machine
81.9%
The Boulder Mobile
75.9%
The Creepy Coupe
72.3%
The Bullet-Proof Bomb
62.7%
The Army Surplus Special
62.7%
The Buzz Wagon
61.4%
The Compact Pussycat
61.4%
The Convert-a-Car
60.2%
The Turbo Terrific
59%
The Arkansas Chuggabug
57.8%
The Crimson Haybailer
51.8%

You're not logged in!

Compare scores with friends on all Sporcle quizzes.
Join for Free
OR
Log In

You Might Also Like...

Show Comments

Extras

Top Quizzes Today


Score Distribution

Your Account Isn't Verified!

In order to create a playlist on Sporcle, you need to verify the email address you used during registration. Go to your Sporcle Settings to finish the process.

Report this User

Report this user for behavior that violates our Community Guidelines.

Details: